| 000 | 00878nam a2200265 i 4500 | ||
|---|---|---|---|
| 001 | bg | ||
| 100 | 1 | _aLANGER, Angelika | |
| 245 | 1 | 0 |
_aC++ : _bbiblioteka IOStreams i lokalizacja programów / _cAngelika Langer, Klaus Kreft ; [tł. Przemysław Szeremiota]. |
| 246 |
_iTyt. oryg.: _aStandard C++ IOStreems and locales |
||
| 260 |
_aGliwice : _b"Helion", _ccop. 2005. |
||
| 300 |
_a607 s. ; _c25 cm. |
||
| 500 | _aTyt. oryg.: "Standard C++ IOStreems and locales", 2000. | ||
| 504 | _aIndeks. | ||
| 650 | 9 | _aC (język programowania) | |
| 655 | _aPodręczniki | ||
| 700 | 1 | _aSZEREMIOTA, Przemysław | |
| 020 | _a8373617396 | ||
| 040 | _cBPK | ||
| 041 | 1 |
_apol _heng |
|
| 080 | _a004.438A/Z(07) | ||
| 920 | _a83-7361-739-6 | ||
| 942 | _cKS | ||
| 008 | s pl f |000 0 pol | ||
| 999 |
_c46026 _d46026 |
||
| 856 |
_uhttp://koha.tu.koszalin.pl/cgi-bin/koha/opac-detail.pl?biblionumber=46026 _yKatalog online BPK |
||